Meest voorkomende werkwoorden in de Franse taal - Sudden Death - Statistieken

Algemene statistieken
  • Deze quiz is 26 keer genomen
  • De gemiddelde score is 6 van 10
Answers on the Grid
Answers color-coded by a green-red scale on the quiz's grid according to % correct below.
Tirer
Gagner
Porter
Voir
Savoir
Faire
Conduire
Avoir
Pouvoir
Être
Entrer
Falloir
Aller
Dire
Compter
Vendre
Vouloir
 
Antwoordstatistieken
Antwoord % Correct
Aller
89%
Être
84%
Avoir
79%
Voir
74%
Faire
68%
Dire
53%
Vouloir
53%
Pouvoir
47%
Savoir
47%
Falloir
26%
Geen overeenkomende quizzen gevonden
Scoreverdeling
Procent van Mensen met Elke Score
Percentiel versus Aantal Correcte Antwoorden
Uw Scoregeschiedenis
U heeft deze quiz nog niet genomen